[Event "CZE-ch U10"]
[Site "Teplice"]
[Date "2023.03.15"]
[Round "6"]
[White "Vorlik, Jachym"]
[Black "Broz, Pavel1111"]
[Result "1-0"]
[WhiteElo "1204"]
[BlackElo "1107"]
[PlyCount "57"]
[EventDate "2023.03.11"]
[EventType "swiss"]
[EventRounds "9"]
[EventCountry "CZE"]
[SourceTitle "CBM 213 Extra"]
[Source "ChessBase"]
[SourceDate "2023.05.31"]
[SourceVersion "1"]
[SourceVersionDate "2023.05.31"]
[SourceQuality "1"]

1. d4 e6 2. Bf4 d5 3. e3 Ne7 4. Nf3 Nbc6 5. Bd3 g6 6. 0-0 Bg7 7. c3 f6 8. e4 dxe4 9. Bxe4 Bd7 10. h4 f5 11. Bd3 Nd5 12. Bg5 Nce7 13. Bc4 0-0 14. Bxd5 exd5 15. Re1 Bf6 16. Qe2 Bxg5 17. Nxg5 Re8 18. Nd2 f4 19. Ne6 Qc8 20. Nxf4 Nf5 21. Qf3 c6 22. Rxe8+ Qxe8 23. g3 Nh6 24. Nd3 Bg4 25. Qf4 Qe2 26. Re1 Qxd3 27. Qxh6 Rf8 28. Re7 g5 29. Qg7# 1-0

[Event "CZE-ch U10"]
[Site "Teplice"]
[Date "2023.03.11"]
[Round "1"]
[White "Kolar, Edvard"]
[Black "Vorlik, Jachym"]
[Result "1-0"]
[WhiteElo "1518"]
[BlackElo "1204"]
[PlyCount "121"]
[EventDate "2023.03.11"]
[EventType "swiss"]
[EventRounds "9"]
[EventCountry "CZE"]
[SourceTitle "CBM 213 Extra"]
[Source "ChessBase"]
[SourceDate "2023.05.31"]
[SourceVersion "1"]
[SourceVersionDate "2023.05.31"]
[SourceQuality "1"]

1. e4 e6 2. f4 d5 3. e5 c5 4. c3 Nc6 5. d4 Nge7 6. Nf3 Nf5 7. Be2 Be7 8. 0-0 0-0 9. Na3 Qb6 10. Nc2 Bd7 11. b3 Rac8 12. Be3 Qa5 13. Bd2 Qb6 14. Be1 a6 15. Bf2 Qa5 16. c4 dxc4 17. bxc4 cxd4 18. Ncxd4 Rfd8 19. Nxf5 exf5 20. Qb3 Rb8 21. Kh1 Be6 22. Bb6 Qb4 23. Bxd8 Rxd8 24. Rad1 Rc8 25. Nd4 Nxd4 26. Qxb4 Bxb4 27. Rxd4 h6 28. Rb1 Bc3 29. Rd3 Ba5 30. Ra3 Bd2 31. Rxb7 Bxf4 32. Rxa6 Bxe5 33. Ra5 Bxc4 34. Bxc4 Rxc4 35. Rb1 Re4 36. a4 Kh7 37. Rab5 f6 38. a5 Ra4 39. g3 Kg6 40. Rc1 Bd4 41. Rc6 Kg5 42. Rc2 Ra3 43. Rc7 Kg6 44. Rd7 Be5 45. Rbd5 Ra1+ 46. Kg2 Ra2+ 47. Kf3 Ra3+ 48. Ke2 Ra2+ 49. Kd3 Rxh2 50. a6 Ra2 51. a7 Bxg3 52. Rb7 Bf2 53. Rdd7 f4 54. Rxg7+ Kh5 55. Rb5+ Kh4 56. Rb1 Ra3+ 57. Ke2 Bd4 58. Rh1+ Rh3 59. Rxh3+ Kxh3 60. a8Q f3+ 61. Qxf3+ 1-0